000 00567nam a22002057a 4500
003 OSt
005 20140310182826.0
008 130528t xxu||||| |||| 00| 0 eng d
020 _a9789715066440
050 _aPL 6063
_b.An615 2012
082 _aFIL 899.2111
_bAn638 2012
245 _aIsa lang ang pangalan :
_bmga tula /
_cAnonuevo, Rebecca T.
260 _aEspana, Manila :
_bUST Pub. House,
_c2012.
300 _axi, 109 p.
_c24 cm.
521 _acollege students
526 _c1210L-1700L
541 _j1
562 _e1
942 _2lcc
_cBK
_kFIL
999 _c16503
_d16503